000 00598cam a22002053a 4500
001 35006
003 PGUSA
005 20140828083744.0
008 110119s2011||||xxu|||||s|||||000 | eng d
040 _aPGUSA
_beng
042 _adc
100 1 _aWeise, Thomas F.
245 1 3 _aAn Experimental Translocation of the Eastern Timber Wolf
_h[electronic resource] /
_cThomas F. Weise
260 _bProject Gutenberg,
_c2011
506 _aPublic domain in the USA.
516 _aElectronic text
830 0 _aProject Gutenberg
_v35006
856 4 0 _uhttp://www.gutenberg.org/ebooks/35006
942 _cEB
999 _c264261
_d264261